Ninjago Quiz - Statistics

General Stats
  • This quiz has been taken 414 times
    362 since last reset
  • The average score is 13 of 15
Answer Stats
Hint Answer % Correct
Who is the Fire Ninja? Kai
99%
Who is the Ninja's Master? Sensei Wu
99%
Who is Lloyd's Dad? Garmadon
98%
Who is the Ice Ninja? Zane
98%
Who is the Earth Ninja? Cole
97%
Who is the Lightning Ninja? Jay
97%
Who is the sister of ^ ? Nya
95%
What is Lloyd's power? Energy
89%
Who is the master of Wind? Morro
86%
Name the Weapons of Spinjitzu. Sword of Fire
84%
What is the Ninja's Ship called? The Destiny'sBounty
76%
Name the Weapons of Spinjitzu. Nunchucks of Lightning
70%
Name the Weapons of Spinjitzu. Shurikens of Ice
68%
Name the Weapons of Spinjitzu. Scythe of Quakes
66%
Who has silver spinjitzu? Misako
63%
No matching quizzes found
Score Distribution
Percent of People with Each Score
Percentile by Number Answered
Your Score History
You have not taken this quiz since the last reset